01807nam a2200301 a 4500008004100000020001800041041000800059092002000067100003800087245007800125250001100203260003000214300001100244500011100255653005300366653010400419653008500523653004600608653008500654653010500739653005700844653014800901653012301049653011201172942001201284999001501296952019401311110701t2009 ag |||f |||| 001 0 spa d a9789871742035 aspa c155.32l91sVAG1 aVaggione, Juan MarcoeComp.93063 3aEl activismo religioso conservador en Latinoamerica.cJuan Marco Vaggione a1a ed. aCórdoba:bHivos;c2009. a319 p. aVaggione, J. M. (2009). El activismo religioso conservador en Latinoamérica. (1a ed.) Córdoba : Hivos. aActivismo religioso conservador en Latinoamerica aReligioes na esfera publica: Estrategias institucionais de intervencao-Igreja católitca no Brasil aEstudios de bioética y la iglesia católica en los casos de Chile y Argentina aDebates chilenos en torno a la sexualidad aSexualidades e identidades de género. Debates con el fundamentalismo religioso aDisputas sobre el control de la sexualidad: activismo religioso conservador y dominación masculina aGrupos conservadores y la democracia contemporánea aEvangelicos, sexualidad y política. Instituciones evangélicas en los debates públicos sobre Unión Civil y educación sexual en la CABA aOposición a la Unión Civil: persistencias y fisuras del discurso de la iglesia católica en el debate legislativo aFundamentalismo religioso en Latinoamérica.Mirada de activistas por los derechos sexuales y reproductivos 2ddccBK c2259d2259 00102ddc4070aBFMbBFMcCRd2016-05-09eDonación Dra. Ambort, Cristina. Mayo 2016l0o155.32 91 VAGp3584r2016-05-09tEj.1w2016-05-09yBKzDonación Dra. Ambort, Cristina. Mayo 2016